[Event "16th EUR-ch (w)"]
[Site "Chakvi GEO"]
[Date "2015.05.25"]
[Round "7.39"]
[White "Mamedyarova, Zeinab"]
[Black "Choladze, Mariam"]
[Result "1-0"]
[WhiteElo "2235"]
[BlackElo "1989"]
[EventDate "2015.05.19"]
[PlyCount "69"]

1.d4 Nf6 2.c4 e6 3.Nc3 Bb4 4.e3 O-O 5.Bd3 c5 6.Ne2 Nc6 7.O-O cxd4 8.exd4 
d5 9.cxd5 Nxd5 10.Bc2 Be7 11.a3 b6 12.Qd3 g6 13.Bh6 Re8 14.Rad1 Nf6 15.Qg3
Ba6 16.Rfe1 Bd6 17.Qf3 Rc8 18.Ba4 Bb7 19.Nb5 Na5 20.Qh3 Bc6 21.Rc1 Qd7 22.
Nxd6 Qxd6 23.Bc2 Bb7 24.Bf4 Qf8 25.Nc3 Nc4 26.Ba4 Bc6 27.Bxc6 Rxc6 28.Bh6 
Qd6 29.Qf3 e5 30.b3 Na5 31.Nb5 Rxc1 32.Rxc1 Qd8 33.Bg5 Kg7 34.Nc7 e4 35.
Qxf6+ 1-0

[Event "16th EUR-ch (w)"]
[Site "Chakvi GEO"]
[Date "2015.05.29"]
[Round "10.36"]
[White "Kiolbasa, Oliwia"]
[Black "Sviridova, Vlada"]
[Result "1-0"]
[WhiteElo "2223"]
[BlackElo "2087"]
[EventDate "2015.05.19"]
[PlyCount "63"]

1.e4 e6 2.d4 d5 3.Nc3 Bb4 4.e5 c5 5.dxc5 Nc6 6.Nf3 Bxc3+ 7.bxc3 Qa5 8.Bd3 
Qxc3+ 9.Bd2 Qxc5 10.Rb1 Nge7 11.O-O Ng6 12.Re1 O-O 13.h4 f5 14.exf6 Rxf6 
15.Rb5 Qd6 16.Bc3 a6 17.Bxf6 axb5 18.Ba1 Bd7 19.Ng5 Ra4 20.c4 Rxa2 21.Qh5 
e5 22.Qxh7+ Kf8 23.Bxg6 Qf6 24.f4 bxc4 25.Rf1 Rxa1 26.Rxa1 e4 27.Ra8+ Ke7 
28.Rg8 c3 29.Rxg7+ Kd6 30.Rxd7+ Kc5 31.Nxe4+ dxe4 32.Bxe4 1-0

[Event "16th EUR-ch (w)"]
[Site "Chakvi GEO"]
[Date "2015.05.29"]
[Round "10.37"]
[White "Zhorzholiani, Meri"]
[Black "Unuk, Laura"]
[Result "1/2-1/2"]
[WhiteElo "2071"]
[BlackElo "2213"]
[EventDate "2015.05.19"]
[PlyCount "132"]

1.Nf3 Nf6 2.g3 g6 3.Bg2 c5 4.O-O Bg7 5.d3 Nc6 6.Nbd2 O-O 7.e4 e5 8.Re1 d6 
9.c3 Ne8 10.Nc4 f5 11.Bg5 Qd7 12.exf5 gxf5 13.Nh4 Qf7 14.Bf3 d5 15.Bh5 Qd7
16.Na3 f4 17.Bxe8 Rxe8 18.Qh5 Qf7 19.Qxf7+ Kxf7 20.Nb5 Rg8 21.Nd6+ Kf8 22.
Bxf4 Bf6 23.Bh6+ Ke7 24.Nxc8+ Raxc8 25.Ng2 Kd6 26.f4 b5 27.fxe5+ Bxe5 28.
Bf4 Bxf4 29.Nxf4 Ne5 30.Kh1 Rce8 31.Re2 Nf3 32.Rf1 Rxe2 33.Nxe2 Re8 34.Nf4
Re3 35.Kg2 Ne5 36.Rd1 d4 37.h3 a5 38.cxd4 cxd4 39.Rd2 b4 40.b3 Kc5 41.h4 
Kd6 42.h5 h6 43.Rf2 Nxd3 44.Nxd3 Rxd3 45.Rf6+ Ke7 46.Rxh6 Rd2+ 47.Kf3 Rxa2
48.Ra6 d3 49.h6 Rh2 50.Rxa5 Ke6 51.Ke3 d2 52.Ra1 Rxh6 53.Kxd2 Rh2+ 54.Kd3 
Rg2 55.Kc4 Rxg3 56.Kxb4 Kd6 57.Rc1 Rg8 58.Rc4 Kd5 59.Rc5+ Kd6 60.Rh5 Kc6 
61.Rh6+ Kb7 62.Kb5 Rg5+ 63.Ka4 Rg1 64.b4 Rg7 65.Ka5 Rg5+ 66.b5 Rg7 1/2-1/2

[Event "16th EUR-ch (w)"]
[Site "Chakvi GEO"]
[Date "2015.05.29"]
[Round "10.38"]
[White "Gavasheli, Ana"]
[Black "Petrenko, Svetlana"]
[Result "1-0"]
[WhiteElo "2122"]
[BlackElo "2207"]
[EventDate "2015.05.19"]
[PlyCount "77"]

1.d4 g6 2.e4 Bg7 3.Nc3 c6 4.g3 d5 5.e5 f6 6.f4 Nh6 7.Bg2 fxe5 8.dxe5 Qb6 
9.Nf3 e6 10.Qe2 O-O 11.Ng5 Na6 12.g4 Nc7 13.h4 d4 14.Nce4 Nd5 15.Rf1 Qb4+ 
16.Kd1 Ne3+ 17.Bxe3 Qxb2 18.Rc1 dxe3 19.Qc4 Kh8 20.Ke2 Nxg4 21.Rb1 Qa3 22.
Nd6 b5 23.Qxc6 Rb8 24.Be4 Qa5 25.Rbd1 Nf2 26.Rxf2 exf2 27.Nxc8 Qxa2 28.Nd6
Rxf4 29.Qc7 Rbf8 30.Ndf7+ Kg8 31.Nh6+ Kh8 32.Ngf7+ R4xf7 33.Nxf7+ Kg8 34.
Rd8 Qc4+ 35.Qxc4 bxc4 36.Rxf8+ Kxf8 37.Ng5 Bxe5 38.Nxe6+ Ke7 39.Ng5 1-0

[Event "16th EUR-ch (w)"]
[Site "Chakvi GEO"]
[Date "2015.05.29"]
[Round "10.39"]
[White "Hojjatova, Aydan"]
[Black "Bokuchava, Madona"]
[Result "0-1"]
[WhiteElo "2168"]
[BlackElo "2063"]
[EventDate "2015.05.19"]
[PlyCount "74"]

1.e4 g6 2.d4 Bg7 3.Nc3 d6 4.Be3 a6 5.a4 Nd7 6.Nf3 b6 7.h3 Bb7 8.Bd3 e6 9.
O-O Ne7 10.Qe2 O-O 11.Rad1 c6 12.Bf4 Qc7 13.Rfe1 e5 14.dxe5 dxe5 15.Be3 b5
16.Rd2 Rfd8 17.Red1 Nf8 18.Bc5 Ne6 19.Qe3 Rd4 20.Bxe7 Qxe7 21.axb5 axb5 
22.Nb1 Rdd8 23.Bf1 Nd4 24.c3 Nxf3+ 25.Qxf3 Bh6 26.Rd3 Kg7 27.Na3 Bg5 28.
Nc2 Rxd3 29.Rxd3 c5 30.Ne3 Bxe3 31.Qxe3 Ra1 32.f3 Ba6 33.b3 c4 34.Rd2 cxb3
35.Kh2 Ra2 36.Bd3 b4 37.Bb1 bxc3 0-1

[Event "16th EUR-ch (w)"]
[Site "Chakvi GEO"]
[Date "2015.05.29"]
[Round "10.40"]
[White "Martynkova, Olena"]
[Black "Korenova, Martina"]
[Result "1-0"]
[WhiteElo "2165"]
[BlackElo "2241"]
[EventDate "2015.05.19"]
[PlyCount "127"]

1.d4 Nf6 2.c4 g6 3.Nf3 Bg7 4.g3 d6 5.Bg2 O-O 6.O-O Nc6 7.Nc3 a6 8.Qd3 Rb8 
9.d5 Nb4 10.Qd1 a5 11.a3 Na6 12.Be3 e5 13.dxe6 Bxe6 14.Nd5 Ng4 15.Ba7 Ra8 
16.Bd4 Ne5 17.Nxe5 dxe5 18.Be3 c6 19.Bb6 Qe8 20.Ne3 Qe7 21.Bxa5 f5 22.Rc1 
f4 23.Nc2 Bh6 24.Rb1 Bxc4 25.b3 Be6 26.Bc3 Rad8 27.Qc1 g5 28.Qb2 e4 29.Nd4
Bc8 30.b4 Nc7 31.b5 c5 32.Nb3 Nd5 33.Rbd1 b6 34.Nd2 f3 35.exf3 e3 36.Ne4 
Nxc3 37.Rxd8 Rxd8 38.Qxc3 exf2+ 39.Nxf2 Bg7 40.Qc2 Qe3 41.Qe4 Qxe4 42.Nxe4
Rd3 43.Re1 Bd7 44.Bf1 Rxf3 45.Bc4+ Kf8 46.Nxg5 Bd4+ 47.Kh1 Re3 48.Rxe3 
Bxe3 49.Ne6+ Ke7 50.Nc7 Kd6 51.Nd5 Bc1 52.Nxb6 Bf5 53.a4 Bd2 54.Bf1 Bg5 
55.h4 Bd8 56.Nc4+ Kd5 57.a5 Be4+ 58.Kh2 Ke6 59.a6 Kd7 60.b6 Kc6 61.a7 Kb7 
62.Nd6+ Kxb6 63.Nxe4 Kxa7 64.Nxc5 1-0

[Event "16th EUR-ch (w)"]
[Site "Chakvi GEO"]
[Date "2015.05.29"]
[Round "10.41"]
[White "Soyunlu, Narmin"]
[Black "Khurtsilava, Inga"]
[Result "0-1"]
[WhiteElo "1891"]
[BlackElo "2212"]
[EventDate "2015.05.19"]
[PlyCount "80"]

1.g3 d5 2.Bg2 Nf6 3.Nf3 Nc6 4.c4 d4 5.e3 e5 6.exd4 exd4 7.O-O Be7 8.d3 O-O
9.h3 h6 10.Na3 Bf5 11.Nc2 a5 12.Re1 Bb4 13.Re2 Qd7 14.a3 Bc5 15.Kh2 Rfe8 
16.Rb1 Rxe2 17.Qxe2 Re8 18.Qd1 a4 19.b4 axb3 20.Na1 Na5 21.Nxb3 Nxb3 22.
Rxb3 b6 23.Bf4 g5 24.Be5 Nh7 25.g4 Bg6 26.Bg3 Bd6 27.Bxd6 Qxd6+ 28.Kg1 Nf6
29.Qd2 Nd7 30.Rb2 Nc5 31.Bf1 Ne6 32.a4 Ra8 33.Rb5 Rxa4 34.Rd5 Qf4 35.Qxf4 
Nxf4 36.Rd8+ Kg7 37.Ne5 Ra1 38.Rxd4 Nxh3+ 39.Kg2 Nf4+ 40.Kg3 Rxf1 0-1

[Event "16th EUR-ch (w)"]
[Site "Chakvi GEO"]
[Date "2015.05.29"]
[Round "10.42"]
[White "Ivanova, Tatiana"]
[Black "Lomaia, Diana"]
[Result "1-0"]
[WhiteElo "2121"]
[BlackElo "1449"]
[EventDate "2015.05.19"]
[PlyCount "89"]

1.d4 Nf6 2.Nf3 e6 3.Bg5 d5 4.e3 c5 5.Nbd2 Nc6 6.c3 Bd6 7.Bd3 O-O 8.O-O h6 
9.Bh4 e5 10.dxe5 Nxe5 11.Nxe5 Bxe5 12.Bc2 Be6 13.h3 Rc8 14.Nf3 Bb8 15.Qd3 
Re8 16.Rad1 g5 17.Bg3 Bxg3 18.fxg3 Kg7 19.Nd2 Qb6 20.Rf2 c4 21.Qe2 Qxb2 
22.Ba4 Re7 23.Rxf6 Qa3 24.Rdf1 Qxa4 25.Qh5 Rh8 26.Rxh6 Rxh6 27.Qxg5+ Rg6 
28.Qxe7 Qc2 29.Nf3 Qxc3 30.Nh4 Qxe3+ 31.Kh1 Qd3 32.Rf3 Qb1+ 33.Kh2 Rh6 34.
g4 Qe4 35.Qg5+ Kh7 36.Nf5 Qe5+ 37.Rg3 Qf6 38.Qf4 Rg6 39.Rf3 Qg5 40.Qd4 Rf6
41.h4 Qg6 42.Ne7 Qe4 43.Qxf6 d4 44.Nf5 Kg8 45.Qg7# 1-0

[Event "16th EUR-ch (w)"]
[Site "Chakvi GEO"]
[Date "2015.05.29"]
[Round "10.43"]
[White "Santeramo, Alessia"]
[Black "Tskhadadze, Anna"]
[Result "1-0"]
[WhiteElo "2118"]
[BlackElo "1938"]
[EventDate "2015.05.19"]
[PlyCount "93"]

1.e4 d5 2.exd5 Qxd5 3.Nc3 Qd6 4.d4 Nf6 5.Nf3 c6 6.g3 Bf5 7.Bg2 e6 8.O-O 
Be7 9.a3 O-O 10.Bf4 Qd8 11.h3 Nbd7 12.Nh4 Bg6 13.Nxg6 hxg6 14.Ne2 Nb6 15.
b3 Nfd5 16.Bd2 Bf6 17.c4 Ne7 18.Bc3 Nf5 19.Qd2 Bg5 20.f4 Bf6 21.a4 Nd7 22.
a5 g5 23.a6 Qc7 24.fxg5 Be7 25.Kh2 b6 26.b4 Rad8 27.c5 bxc5 28.bxc5 Nxc5 
29.Ba5 Nb3 30.Bxc7 Nxd2 31.Rxf5 exf5 32.Bxd8 Rxd8 33.Bxc6 Bxg5 34.d5 Rb8 
35.Bb7 Nc4 36.Rd1 Nd6 37.Nd4 Nxb7 38.Nc6 f4 39.Nxb8 fxg3+ 40.Kxg3 Nc5 41.
d6 Ne6 42.Nc6 Nf8 43.d7 Bd8 44.Nxa7 Bc7+ 45.Kg4 g6 46.Nc6 f5+ 47.Kf3 1-0

[Event "16th EUR-ch (w)"]
[Site "Chakvi GEO"]
[Date "2015.05.29"]
[Round "10.44"]
[White "Ghukasian, Siranush"]
[Black "Mammadova, Aysel"]
[Result "1/2-1/2"]
[WhiteElo "2100"]
[BlackElo "1862"]
[EventDate "2015.05.19"]
[PlyCount "60"]

1.e4 e5 2.Nf3 Nc6 3.Bb5 a6 4.Ba4 Nf6 5.d3 b5 6.Bb3 Bc5 7.O-O O-O 8.c3 h6 
9.d4 Be7 10.Nxe5 Na5 11.Bxf7+ Rxf7 12.Nxf7 Kxf7 13.e5 Nd5 14.Qf3+ Ke6 15.
Qe4 d6 16.Qg6+ Kd7 17.Qxg7 Qf8 18.Qg6 Kc6 19.Bxh6 Qf5 20.Qg3 Qh5 21.c4 
Nxc4 22.b3 Ncb6 23.Bd2 Be6 24.f4 Bh4 25.Qf3 Bg4 26.Qe4 Bf5 27.Qf3 Bg4 28.
Qe4 Bf5 29.Qf3 Bg4 30.Qe4 Bf5 1/2-1/2

[Event "16th EUR-ch (w)"]
[Site "Chakvi GEO"]
[Date "2015.05.29"]
[Round "10.45"]
[White "Kuchava, Ana"]
[Black "Folkova, Martina"]
[Result "1-0"]
[WhiteElo "2135"]
[BlackElo "2134"]
[EventDate "2015.05.19"]
[PlyCount "83"]

1.d4 d5 2.Nf3 e6 3.e3 Bd6 4.Bd3 f5 5.c4 c6 6.O-O Nf6 7.b3 Qe7 8.a4 O-O 9.
Ba3 Bxa3 10.Nxa3 Bd7 11.Ne5 Be8 12.c5 Bh5 13.Qc2 a5 14.f3 Na6 15.Qc3 Nb4 
16.Nc2 Nxd3 17.Qxd3 g5 18.Rab1 Nd7 19.Nxd7 Qxd7 20.f4 Qg7 21.Qd2 Rf7 22.b4
axb4 23.Rxb4 h6 24.Rfb1 Kh8 25.Ne1 Bg4 26.Nd3 Rg8 27.Ne5 Rff8 28.Kh1 gxf4 
29.exf4 Bh5 30.R1b3 Qh7 31.g3 Ra8 32.Ra3 Qg7 33.Rb6 Be8 34.a5 Kh7 35.Kg2 
Ra7 36.Qb4 Ra8 37.Kf2 Ra7 38.Rb3 Qc7 39.Rxb7 Rxb7 40.Qxb7 Rg7 41.Qxc7 Rxc7
42.a6 1-0

[Event "16th EUR-ch (w)"]
[Site "Chakvi GEO"]
[Date "2015.05.29"]
[Round "10.46"]
[White "Chanturia, Tamar"]
[Black "Jibuti, Nata"]
[Result "0-1"]
[WhiteElo "1688"]
[BlackElo "1694"]
[EventDate "2015.05.19"]
[PlyCount "84"]

1.Nf3 Nf6 2.b3 e6 3.Bb2 d5 4.e3 a6 5.Ne5 Nbd7 6.f4 Nxe5 7.fxe5 Ne4 8.Qf3 
Ng5 9.Qf4 Be7 10.d3 f6 11.Be2 Nf7 12.O-O g5 13.Qg3 f5 14.Bh5 Rf8 15.Nd2 
Bd7 16.e4 dxe4 17.dxe4 Bc5+ 18.Kh1 f4 19.Qg4 Qe7 20.Nf3 h6 21.Qh3 O-O-O 
22.Bxf7 Rxf7 23.Qxh6 Rg8 24.Rad1 Rh7 25.Qf6 Qe8 26.Bd4 Bxd4 27.Rxd4 Rg6 
28.Nxg5 Rxf6 29.Nxh7 Rf7 30.Nf6 Qf8 31.Rfd1 Bc6 32.h4 b6 33.h5 Qh6 34.Kg1 
f3 35.Rd8+ Kb7 36.gxf3 Qe3+ 37.Kh2 Qf2+ 38.Kh1 Qxf3+ 39.Kh2 Rg7 40.R8d2 
Qf4+ 41.Kh1 Qh4+ 42.Rh2 Bxe4+ 0-1

[Event "16th EUR-ch (w)"]
[Site "Chakvi GEO"]
[Date "2015.05.30"]
[Round "11.36"]
[White "Khmiadashvili, Tamara"]
[Black "Osmanodja, Filiz"]
[Result "0-1"]
[WhiteElo "2043"]
[BlackElo "2352"]
[EventDate "2015.05.19"]
[PlyCount "90"]

1.e4 c5 2.b3 Nc6 3.Bb5 d6 4.Bxc6+ bxc6 5.d3 e5 6.Ne2 Bg4 7.O-O Be7 8.f3 
Bh5 9.Be3 Nf6 10.Nbc3 O-O 11.h3 d5 12.Na4 Nd7 13.g4 Bg6 14.Ng3 Bg5 15.Qe1 
h6 16.Kg2 Re8 17.Bxg5 hxg5 18.Qe3 Qe7 19.Rh1 Kh7 20.h4 gxh4 21.Rxh4+ Qxh4 
22.Rh1 Qxh1+ 23.Kxh1 Rab8 24.Qd2 d4 25.Qa5 Rb7 26.Nb2 Ra8 27.Nc4 f6 28.Nd6
Rbb8 29.Ngf5 Bxf5 30.exf5 a6 31.Kg2 Kg8 32.a4 Kf8 33.Ne4 Ra7 34.Nd6 Ke7 
35.Ne4 Rh8 36.Nxc5 Kd6 37.Nxd7 Kxd7 38.Kg1 g5 39.fxg6 Kd6 40.Kg2 Rg7 41.
Qb4+ Kc7 42.Qa5+ Kb7 43.Qe1 Rxg6 44.f4 Rgh6 45.fxe5 Rh2+ 0-1

[Event "16th EUR-ch (w)"]
[Site "Chakvi GEO"]
[Date "2015.05.30"]
[Round "11.37"]
[White "Belenkaya, Dina"]
[Black "Santeramo, Alessia"]
[Result "1-0"]
[WhiteElo "2235"]
[BlackElo "2118"]
[EventDate "2015.05.19"]
[PlyCount "102"]

1.e4 e5 2.Nf3 Nc6 3.Nc3 Nf6 4.d4 exd4 5.Nxd4 Bb4 6.Nxc6 bxc6 7.Bd3 d5 8.
exd5 cxd5 9.O-O O-O 10.h3 c6 11.Qf3 Bd6 12.Re1 Rb8 13.b3 Bb4 14.Bb2 Be6 
15.a3 Ba5 16.b4 c5 17.Na2 Bc7 18.Bxf6 Qxf6 19.Qxf6 gxf6 20.bxc5 Be5 21.
Rab1 a5 22.Rb6 d4 23.Nc1 Rxb6 24.cxb6 Rb8 25.Bb5 Rxb6 26.a4 Bd6 27.Ne2 Bc5
28.Ng3 f5 29.Nh5 h6 30.Ng3 Bb4 31.Rd1 Rd6 32.Ne2 Bc5 33.Nc1 Rd8 34.Nd3 Bd6
35.Ne1 Rc8 36.Nf3 Bc5 37.Ne5 f6 38.Nd3 Bd6 39.Rd2 Bc4 40.Bxc4+ Rxc4 41.Nb2
Rb4 42.Nd3 Rxa4 43.f3 Ra1+ 44.Kf2 Bc7 45.Re2 Kf7 46.Nb2 a4 47.Nc4 a3 48.
Nd2 Ba5 49.Nb3 Rb1 50.Nxa5 a2 51.Nb3 Rxb3 1-0

[Event "16th EUR-ch (w)"]
[Site "Chakvi GEO"]
[Date "2015.05.30"]
[Round "11.38"]
[White "Unuk, Laura"]
[Black "Ivanova, Tatiana"]
[Result "1-0"]
[WhiteElo "2213"]
[BlackElo "2121"]
[EventDate "2015.05.19"]
[PlyCount "57"]

1.d4 Nf6 2.c4 e6 3.Nf3 d5 4.g3 Be7 5.Bg2 O-O 6.O-O Nbd7 7.Qc2 b6 8.cxd5 
Nxd5 9.e4 Nb4 10.Qb3 a5 11.a3 Nc6 12.Nc3 Bb7 13.Rd1 Na7 14.Bf4 Qc8 15.Rac1
c6 16.Qa2 b5 17.d5 exd5 18.Nxd5 Qd8 19.Nxe7+ Qxe7 20.Bd6 Qxe4 21.Ne5 Qf5 
22.Nxd7 Rfe8 23.Nc5 Re2 24.Bf4 g5 25.Be3 Re8 26.Qb1 Bc8 27.Bf1 Qxb1 28.
Rxb1 Rc2 29.Bd3 1-0

[Event "16th EUR-ch (w)"]
[Site "Chakvi GEO"]
[Date "2015.05.30"]
[Round "11.39"]
[White "Khurtsilava, Inga"]
[Black "Zhorzholiani, Meri"]
[Result "0-1"]
[WhiteElo "2212"]
[BlackElo "2071"]
[EventDate "2015.05.19"]
[PlyCount "112"]

1.d4 d5 2.Nf3 Nf6 3.Bf4 g6 4.e3 Bg7 5.h3 O-O 6.Nbd2 c5 7.c3 Qb6 8.Qc1 Nc6 
9.Ne5 Nd7 10.Nxc6 Qxc6 11.Be2 e5 12.dxe5 Nxe5 13.Nf3 Nxf3+ 14.Bxf3 Be6 15.
O-O Qb6 16.Rd1 Rfd8 17.Rd2 Rac8 18.e4 d4 19.c4 Qb4 20.Be2 a6 21.Bd3 Qa4 
22.b3 Qc6 23.Re2 Re8 24.g4 Bd7 25.Bh6 Qf6 26.Bg5 Qf3 27.Qf1 Qxd3 28.f3 Qc3
29.Bd2 Qb2 30.Bb4 Qxa1 31.Qxa1 d3 32.Bc3 Bxc3 33.Qxc3 dxe2 34.Kf2 f5 35.
gxf5 Bxf5 36.Kxe2 Bxh3 37.Kf2 b6 38.Qf6 Be6 39.a4 b5 40.axb5 axb5 41.cxb5 
Rb8 42.f4 Rxb5 43.f5 Rxb3 44.Qe5 Bf7 45.Qxc5 Rxe4 46.fxg6 hxg6 47.Qc8+ Re8
48.Qc6 Rd8 49.Ke2 Kg7 50.Qc7 Ra8 51.Qe5+ Kg8 52.Kd1 Ra2 53.Kc1 Rf3 54.Qb5 
Rff2 55.Qb8+ Kh7 56.Kb1 Rf1# 0-1

[Event "16th EUR-ch (w)"]
[Site "Chakvi GEO"]
[Date "2015.05.30"]
[Round "11.40"]
[White "Kasoshvili, Tsiala"]
[Black "Hojjatova, Aydan"]
[Result "1-0"]
[WhiteElo "2179"]
[BlackElo "2168"]
[EventDate "2015.05.19"]
[PlyCount "73"]

1.d4 d6 2.Nf3 Nf6 3.c4 g6 4.Nc3 Bg7 5.g3 O-O 6.Bg2 Nc6 7.h3 Bf5 8.O-O Ne4 
9.Nxe4 Bxe4 10.Be3 Qd7 11.Kh2 Rad8 12.Qd2 d5 13.c5 Bxf3 14.exf3 e5 15.dxe5
Bxe5 16.Rfd1 Bg7 17.Rac1 Rfe8 18.h4 d4 19.Bg5 f6 20.Bf4 Kh8 21.Bf1 a6 22.
Bd3 Re7 23.Kg2 Rde8 24.b4 f5 25.h5 g5 26.Bxg5 Rf7 27.Bf4 Ne5 28.Bxe5 Bxe5 
29.c6 bxc6 30.Qc2 Rf6 31.Re1 Re7 32.Qc5 Bd6 33.Qxd4 Kg7 34.Rxe7+ Qxe7 35.
Bxf5 Kg8 36.Qg4+ Kf8 37.Rxc6 1-0

[Event "16th EUR-ch (w)"]
[Site "Chakvi GEO"]
[Date "2015.05.30"]
[Round "11.41"]
[White "Petrenko, Svetlana"]
[Black "Kuchava, Ana"]
[Result "1-0"]
[WhiteElo "2207"]
[BlackElo "2135"]
[EventDate "2015.05.19"]
[PlyCount "85"]

1.Nf3 d5 2.g3 Nf6 3.Bg2 c6 4.b3 Bf5 5.Bb2 h6 6.O-O e6 7.Nh4 Bh7 8.f4 Nbd7 
9.e3 Be7 10.Nf3 O-O 11.d4 c5 12.Nbd2 Rc8 13.c3 cxd4 14.exd4 Ne4 15.Nxe4 
Bxe4 16.Qe2 Nf6 17.Rfc1 Qa5 18.a4 Rc7 19.Qb5 Qxb5 20.axb5 Bd3 21.Bf1 Bxf1 
22.Kxf1 b6 23.Ne5 Ne4 24.Ke2 Bf6 25.Nc6 a5 26.Ba3 Ra8 27.Ke3 Kh7 28.c4 a4 
29.Bb4 g5 30.Rxa4 gxf4+ 31.gxf4 Rg8 32.Ra2 Rg4 33.Rf1 h5 34.Kd3 Rh4 35.Rf3
Rg4 36.c5 Rg1 37.cxb6 Rb7 38.Bc5 Rc1 39.b4 Bh4 40.Ra7 Rc3+ 41.Ke2 Rc2+ 42.
Kd1 Rd2+ 43.Kc1 1-0

[Event "16th EUR-ch (w)"]
[Site "Chakvi GEO"]
[Date "2015.05.30"]
[Round "11.42"]
[White "Jalaghonia, Nino"]
[Black "Ghukasian, Siranush"]
[Result "1-0"]
[WhiteElo "1865"]
[BlackElo "2100"]
[EventDate "2015.05.19"]
[PlyCount "75"]

1.e4 e5 2.Nf3 Nc6 3.Bc4 Bc5 4.c3 Nf6 5.d3 d6 6.Bb3 O-O 7.h3 d5 8.Qe2 h6 9.
O-O Re8 10.Re1 d4 11.Nbd2 b5 12.Nf1 a5 13.Ng3 a4 14.Bc2 Nh7 15.Nf5 Qf6 16.
g4 Ne7 17.Kg2 Ng6 18.Bd2 a3 19.cxd4 exd4 20.bxa3 Rxa3 21.Bb3 Be6 22.Qd1 
Rea8 23.Rb1 R8a7 24.Qc1 Bb6 25.e5 Qd8 26.Qc6 Ne7 27.Qe4 Bxb3 28.axb3 Ra2 
29.e6 f6 30.Rbd1 c5 31.N3xd4 Ng5 32.Bxg5 fxg5 33.Nxe7+ Qxe7 34.Nf5 Qf6 35.
e7 Ra8 36.Qd5+ Kh7 37.Re6 Qf7 38.Rxh6+ 1-0

[Event "16th EUR-ch (w)"]
[Site "Chakvi GEO"]
[Date "2015.05.30"]
[Round "11.43"]
[White "Soyunlu, Narmin"]
[Black "Sviridova, Vlada"]
[Result "0-1"]
[WhiteElo "1891"]
[BlackElo "2087"]
[EventDate "2015.05.19"]
[PlyCount "62"]

1.d4 d5 2.c4 c6 3.Nf3 Nf6 4.Qc2 dxc4 5.Qxc4 Bg4 6.Nbd2 Nbd7 7.g3 e6 8.Bg2 
Be7 9.O-O O-O 10.e4 Rc8 11.Qb3 Qb6 12.Re1 c5 13.d5 Qc7 14.h3 c4 15.Qc2 
Bxf3 16.Bxf3 Ne5 17.Bg2 Bc5 18.Nf1 Nd3 19.Re2 exd5 20.exd5 Rfd8 21.Bg5 Rd6
22.Kh1 b5 23.b3 Nf4 24.Qf5 N4xd5 25.bxc4 bxc4 26.a4 Nb6 27.Bf4 Qd7 28.Qc2 
Rd3 29.Nd2 Bb4 30.Rae1 h6 31.Be5 Rxd2 0-1

[Event "16th EUR-ch (w)"]
[Site "Chakvi GEO"]
[Date "2015.05.30"]
[Round "11.44"]
[White "Jibuti, Nata"]
[Black "Tskhadadze, Anna"]
[Result "1-0"]
[WhiteElo "1694"]
[BlackElo "1938"]
[EventDate "2015.05.19"]
[PlyCount "63"]

1.e4 d5 2.exd5 Qxd5 3.Nc3 Qd6 4.d4 Nf6 5.Nf3 c6 6.Ne5 Nbd7 7.Nc4 Qc7 8.Qf3
Nb6 9.Bf4 Qd7 10.h3 Nxc4 11.Bxc4 Qxd4 12.Bb3 e6 13.Rd1 Qb4 14.O-O Be7 15.
a3 Qa5 16.Ne4 Nxe4 17.Qxe4 O-O 18.Be5 Rd8 19.Qf4 b6 20.Rxd8+ Bxd8 21.Rd1 
Be7 22.Rd3 g6 23.Rf3 f5 24.Bc3 Qb5 25.Qd4 Kf7 26.Qg7+ Ke8 27.Qg8+ Kd7 28.
Bxe6+ Kc7 29.Bxc8 Rxc8 30.Qf7 Qc5 31.Bb4 Qxc2 32.Qxe7+ 1-0

[Event "16th EUR-ch (w)"]
[Site "Chakvi GEO"]
[Date "2015.05.30"]
[Round "11.45"]
[White "Lomaia, Diana"]
[Black "Mammadova, Aysel"]
[Result "1-0"]
[WhiteElo "1449"]
[BlackElo "1862"]
[EventDate "2015.05.19"]
[PlyCount "61"]

1.e4 e5 2.Nc3 Bc5 3.Bc4 Nf6 4.d3 O-O 5.f4 Bxg1 6.Rxg1 d5 7.Nxd5 Nxd5 8.
Bxd5 c6 9.Bb3 Qh4+ 10.Kf1 Qxh2 11.f5 Nd7 12.Qf3 Qh4 13.g4 Qe7 14.g5 Kh8 
15.Qh3 g6 16.Qh6 f6 17.Rh1 Qg7 18.Qxg6 Qxg6 19.fxg6 fxg5+ 20.Kg2 Kg7 21.
gxh7 Rh8 22.Bxg5 Rxh7 23.Rxh7+ Kxh7 24.Rf1 Nc5 25.Bf7 Ne6 26.Bf6 Nf4+ 27.
Kg3 Bh3 28.Rh1 Rf8 29.Bxe5 Ne2+ 30.Kf2 Rxf7+ 31.Kxe2 1-0

[Event "16th EUR-ch (w)"]
[Site "Chakvi GEO"]
[Date "2015.05.30"]
[Round "11.46"]
[White "Korenova, Martina"]
[Black "Chanturia, Tamar"]
[Result "0-1"]
[WhiteElo "2241"]
[BlackElo "1688"]
[EventDate "2015.05.19"]
[PlyCount "100"]

1.e4 Nc6 2.d4 d5 3.e5 Bf5 4.c3 e6 5.Nf3 g6 6.Bg5 Be7 7.Bxe7 Qxe7 8.Nbd2 h5
9.Bb5 Qd7 10.Nb3 b6 11.Qe2 Be4 12.Ng5 Bxg2 13.Rg1 Be4 14.Nxe4 dxe4 15.Qxe4
Nge7 16.c4 a6 17.Ba4 Rb8 18.O-O-O b5 19.Nc5 Qc8 20.cxb5 axb5 21.Bb3 Na5 
22.Bc2 Nc4 23.Qh4 Nb6 24.Ne4 Nbd5 25.Rde1 Qa6 26.Nf6+ Nxf6 27.exf6 Nd5 28.
Bb3 Qd6 29.Kb1 c6 30.Re5 Rb7 31.f4 Qd8 32.Qg5 Kd7 33.Bxd5 cxd5 34.Rc1 Rc7 
35.Ree1 Rc4 36.b3 Rxd4 37.Qg1 Qxf6 38.Red1 Rxd1 39.Qa7+ Ke8 40.Qb8+ Ke7 
41.Qc7+ Kf8 42.Rxd1 Kg7 43.Rc1 d4 44.Rc5 b4 45.Rc4 Rd8 46.Qe5 Rd5 47.Qxf6+
Kxf6 48.Rxb4 Kf5 49.Rb7 Kxf4 50.Rxf7+ Ke3 0-1